|
|
|
|
| LEADER |
00000naa2a2200000 4500 |
| 001 |
611028 |
| 005 |
20240119180719.0 |
| 035 |
|
|
|a (RuTPU)RU\TPU\conf\8670
|
| 035 |
|
|
|a RU\TPU\conf\8485
|
| 090 |
|
|
|a 611028
|
| 100 |
|
|
|a 20150210d2014 k y0rusy50 ca
|
| 101 |
0 |
|
|a rus
|
| 102 |
|
|
|a RU
|
| 105 |
|
|
|a y z 101zy
|
| 135 |
|
|
|a drcn ---uucaa
|
| 181 |
|
0 |
|a i
|
| 182 |
|
0 |
|a b
|
| 200 |
1 |
|
|a Классификация технологических операций скважинной гидродобычи при отработке продуктивных пластов
|f И. Б. Бондарчук
|g науч. рук. С. Я. Рябчиков
|
| 203 |
|
|
|a Текст
|c электронный
|
| 225 |
1 |
|
|a Проблемы и перспективы техники и технологии в бурении геологоразведочных скважин
|
| 300 |
|
|
|a Заглавие с титульного экрана
|
| 320 |
|
|
|a [Библиогр.: с. 12-13 (16 назв.)]
|
| 337 |
|
|
|a Adobe Reader
|
| 463 |
|
0 |
|0 (RuTPU)RU\TPU\conf\8652
|t Проблемы научно-технического прогресса в бурении скважин
|o сборник докладов Всероссийской научно-технической конференции с международным участием , посвященной 60-летию кафедры бурения скважин, Томск, 2014 г.
|f Томский политехнический университет (ТПУ), Институт геологии и нефтегазового дела (ИГНД); под ред. В. Г. Храменкова
|v [С. 7-13]
|d 2014
|
| 610 |
1 |
|
|a труды учёных ТПУ
|
| 610 |
1 |
|
|a электронный ресурс
|
| 610 |
1 |
|
|a технологические операции
|
| 610 |
1 |
|
|a гидродобыча
|
| 610 |
1 |
|
|a продуктивные пласты
|
| 610 |
1 |
|
|a бурение
|
| 610 |
1 |
|
|a отработка
|
| 700 |
|
1 |
|a Бондарчук
|b И. Б.
|c геолог
|c старший преподаватель Томского Политехнического университета
|f 1981-
|g Игорь Борисович
|3 (RuTPU)RU\TPU\pers\25748
|9 11649
|
| 702 |
|
1 |
|a Рябчиков
|b С. Я.
|c горный инженер
|c профессор Томского политехнического университета, доктор технических наук
|f 1940-
|g Сергей Яковлевич
|4 727
|
| 712 |
0 |
2 |
|a Национальный исследовательский Томский политехнический университет (ТПУ)
|b Институт природных ресурсов (ИПР)
|b Кафедра бурения скважин (БС)
|3 (RuTPU)RU\TPU\col\18666
|
| 801 |
|
2 |
|a RU
|b 63413507
|c 20220225
|g RCR
|
| 856 |
4 |
|
|u http://earchive.tpu.ru/handle/11683/25545
|
| 856 |
4 |
|
|u http://www.lib.tpu.ru/fulltext/c/2014/C94/001.pdf
|
| 942 |
|
|
|c BK
|